000 00604nam a2200181Ia 4500
008 240729s9999 xx 000 0 und d
022 _a2667-1360
245 0 _aAdvances in Archaeomaterials
260 _aChina
260 _bKeAi Communications Co. Ltd.
650 _a Archaeology | Technology
650 _a Electrical engineering. Electronics. Nuclear engineering
650 _a Materials of engineering and construction. Mechanics of materials
650 _aAuxiliary sciences of history
856 _uhttps://doaj.org/toc/8eaf3cdd61b8499582aa1a0ea42788fc
942 _2ddc
942 _cDOAJEJ
999 _c67774
_d67774
945 _a1
_bMadushi Gamage
_c1
_dMadushi Gamage